Населённые пункты России с населением более 10 тыс. чел. - Statistics

General Stats
  • This quiz has been taken 82 times
  • The average score is 97 of 1344
Answer Stats
Регион Тип Населённый пункт Население % Correct
г. Москва город Москва 13010112
85%
г. Санкт-Петербург город Санкт-Петербург 5601911
80%
Новосибирская область город Новосибирск 1633595
73%
Челябинская область город Челябинск 1189525
72%
Самарская область город Самара 1173299
72%
Ростовская область город Ростов-на-Дону 1142162
72%
Краснодарский край город Краснодар 1099344
72%
Ярославская область город Ростов Великий 28122
72%
Омская область город Омск 1125695
70%
Саратовская область город Саратов 901361
70%
Воронежская область город Воронеж 1057681
69%
Нижегородская область город Нижний Новгород 1226076
68%
Красноярский край город Красноярск 1187771
68%
Пермский край город Пермь 1034002
68%
Волгоградская область город Волгоград 1028036
68%
Тюменская область город Тюмень 847488
68%
Иркутская область город Иркутск 617264
68%
Республика Татарстан город Казань 1308660
65%
Ярославская область город Ярославль 577279
62%
Томская область город Томск 556478
62%
г. Севастополь город Севастополь 547820
62%
Хабаровский край город Хабаровск 617441
61%
Ульяновская область город Ульяновск 617352
61%
Кемеровская область – Кузбасс город Кемерово 557119
61%
Пензенская область город Пенза 501109
61%
Тульская область город Тула 473622
61%
Курская область город Курск 440052
61%
Тверская область город Тверь 416219
61%
Свердловская область город Екатеринбург 1544376
59%
Рязанская область город Рязань 528599
59%
Смоленская область город Смоленск 316570
59%
Республика Башкортостан город Уфа 1144809
58%
Оренбургская область город Оренбург 543654
58%
Приморский край город Владивосток 603519
56%
Липецкая область город Липецк 496403
56%
Астраханская область город Астрахань 475629
56%
Кировская область город Киров 468212
56%
Владимирская область город Владимир 349951
56%
Калужская область город Киров 28097
56%
Брянская область город Брянск 379152
55%
Белгородская область город Белгород 339978
55%
Ставропольский край город Ставрополь 547443
54%
Калининградская область город Калининград 490449
54%
Курганская область город Курган 310911
54%
Архангельская область город Архангельск 301199
54%
Новгородская область город Великий Новгород 224286
54%
Ивановская область город Иваново 361644
52%
Орловская область город Орёл 303169
52%
Мурманская область город Мурманск 270384
52%
Краснодарский край город Сочи 466078
51%
Костромская область город Кострома 267481
51%
Республика Дагестан город Махачкала 623254
49%
Калужская область город Калуга 337058
49%
Челябинская область город Сим 12858
49%
Республика Саха (Якутия) город Якутск 355443
48%
Вологодская область город Вологда 313944
48%
Тамбовская область город Тамбов 261803
48%
Самарская область город Тольятти 684709
46%
Республика Бурятия город Улан-Удэ 437565
46%
Чеченская Республика город Грозный 328533
46%
Республика Крым город Симферополь 340540
44%
Псковская область город Псков 193082
42%
Алтайский край город Барнаул 630877
41%
Республика Марий Эл город Йошкар-Ола 281248
41%
Московская область город Химки 257128
41%
Удмуртская Республика город Ижевск 623472
39%
Челябинская область город Магнитогорск 410594
39%
Чувашская Республика город Чебоксары 497807
38%
Республика Карелия город Петрозаводск 234897
38%
Ханты-Мансийский автономный округ - Югра город Ханты-Мансийск 107473
37%
Краснодарский край город Анапа 81863
37%
Кемеровская область – Кузбасс город Новокузнецк 537480
35%
Краснодарский край город Новороссийск 262293
35%
Амурская область город Благовещенск 241437
35%
Ростовская область город Донецк 46623
35%
Республика Башкортостан город Благовещенск 35481
35%
Республика Мордовия город Саранск 314871
34%
Республика Северная Осетия-Алания город Владикавказ 295830
34%
Хабаровский край город Комсомольск-на-Амуре 238505
34%
Ленинградская область город Луга 38407
34%
Забайкальский край город Чита 334427
32%
Камчатский край город Петропавловск-Камчатский 164900
32%
Магаданская область город Магадан 90757
32%
Республика Татарстан город Набережные Челны 548434
31%
Московская область город Балашиха 520962
31%
Московская область город Подольск 314934
31%
Сахалинская область город Южно-Сахалинск 181587
31%
Республика Крым город Керчь 154621
30%
Красноярский край город Норильск 174453
28%
Ханты-Мансийский автономный округ - Югра город Сургут 396443
27%
Свердловская область город Нижний Тагил 338966
27%
Ханты-Мансийский автономный округ - Югра город Нижневартовск 283256
27%
Московская область город Мытищи 255429
27%
Еврейская автономная область город Биробиджан 70064
27%
Республика Алтай город Горно-Алтайск 65342
27%
Ростовская область город Таганрог 245120
25%
Ростовская область город Шахты 226452
25%
Оренбургская область город Орск 189195
25%
Московская область город Красногорск 187634
24%
Республика Дагестан город Дербент 124953
24%
Республика Крым город Ялта 74652
24%
Вологодская область город Череповец 305185
23%
Кабардино-Балкарская Республика город Нальчик 247054
23%
Республика Татарстан город Нижнекамск 241479
23%
Нижегородская область город Дзержинск 218630
23%
Московская область город Одинцово 180530
23%
Приморский край город Уссурийск 180393
23%
Ярославская область город Рыбинск 177295
23%
Приморский край город Артем 109556
23%
Владимирская область город Муром 107497
23%
Республика Марий Эл город Волжск 53013
23%
Волгоградская область город Волжский 321479
21%
Саратовская область город Энгельс 225428
21%
Республика Калмыкия город Элиста 102583
21%
Краснодарский край город Геленджик 80204
21%
Республика Коми город Воркута 56985
21%
Республика Башкортостан город Стерлитамак 277410
20%
Московская область город Люберцы 224195
20%
Иркутская область город Братск 224071
20%
Республика Коми город Сыктывкар 220580
20%
Алтайский край город Бийск 183852
20%
Московская область город Домодедово 152404
20%
Московская область город Электросталь 146403
20%
Республика Тыва город Кызыл 125241
20%
Республика Крым город Евпатория 107877
20%
Московская область город Орехово-Зуево 105745
20%
Московская область город Ногинск 103891
20%
Краснодарский край город Ейск 82943
20%
Нижегородская область город Бор 78372
20%
Московская область город Королёв 228095
18%
Челябинская область город Златоуст 161774
18%
Архангельская область город Северодвинск 157213
18%
Московская область город Коломна 134850
18%
Калининградская область город Советск 38910
18%
Кировская область город Советск 14626
18%
Краснодарский край город Армавир 187177
17%
Свердловская область город Каменск-Уральский 164192
17%
Республика Татарстан город Альметьевск 163512
17%
Челябинская область город Миасс 147995
17%
Ставропольский край город Пятигорск 146473
17%
Республика Адыгея город Майкоп 143385
17%
Московская область город Серпухов 133793
17%
Владимирская область город Ковров 132417
17%
Московская область город Долгопрудный 120907
17%
Нижегородская область город Арзамас 104908
17%
Московская область город Сергиев Посад 101756
17%
Ростовская область город Каменск-Шахтинский 86365
17%
Республика Коми город Ухта 79899
17%
Челябинская область город Троицк 70301
17%
Краснодарский край город Туапсе 61571
17%
Республика Хакасия город Абакан 184769
15%
Самарская область город Сызрань 165725
15%
Республика Дагестан город Хасавюрт 155144
15%
Ханты-Мансийский автономный округ - Югра город Нефтеюганск 124732
15%
Ставропольский край город Ессентуки 119658
15%
Карачаево-Черкесская Республика город Черкесск 113226
15%
Красноярский край город Ачинск 100621
15%
Тюменская область город Тобольск 100352
15%
Ленинградская область город Гатчина 94377
15%
Московская область город Клин 88511
15%
Хабаровский край город Амурск 38606
15%
Республика Ингушетия город Магас 15271
15%
Чукотский автономный округ город Анадырь 13202
15%
Белгородская область город Старый Оскол 221676
14%
Иркутская область город Ангарск 221296
14%
Челябинская область город Копейск 147806
14%
Приморский край город Находка 139931
14%
Ставропольский край город Кисловодск 127521
14%
Московская область город Жуковский 111222
14%
Московская область город Пушкино 110868
14%
Ямало-Ненецкий автономный округ город Новый Уренгой 107251
14%
Томская область город Северск 106648
14%
Ростовская область город Новошахтинск 103480
14%
Ямало-Ненецкий автономный округ город Ноябрьск 100188
14%
Московская область город Дубна 74183
14%
Республика Татарстан город Елабуга 73630
14%
Московская область город Дмитров 65574
14%
Владимирская область город Александров 57053
14%
Республика Крым город Алушта 31364
14%
Самарская область город Октябрьск 20703
14%
Калужская область город Жуков 16224
14%
Калужская область город Обнинск 125376
13%
Московская область город Раменское 114537
13%
Московская область город Реутов 113871
13%
Волгоградская область город Камышин 107927
13%
Липецкая область город Елец 99875
13%
Курская область город Железногорск 97038
13%
Кемеровская область – Кузбасс город Ленинск-Кузнецкий 92244
13%
Московская область город Чехов 89025
13%
Красноярский край город Железногорск 82723
13%
Ростовская область город Азов 81924
13%
Ленинградская область город Выборг 72530
13%
Амурская область город Белогорск 61440
13%
Ямало-Ненецкий автономный округ город Салехард 47910
13%
Курская область город Курчатов 40318
13%
Республика Саха (Якутия) город Мирный 34045
13%
Архангельская область город Мирный 27262
13%
Ненецкий автономный округ город Нарьян-Мар 23399
13%
Иркутская область город Железногорск-Илимский 21621
13%
Хабаровский край город Николаевск-на-Амуре 18631
13%
Республика Крым город Белогорск 17445
13%
Волгоградская область город Николаевск 13460
13%
Волгоградская область город Ленинск 13391
13%
Саратовская область город Балаково 184466
11%
Пермский край город Березники 138069
11%
Республика Башкортостан город Нефтекамск 131942
11%
Республика Дагестан город Каспийск 121140
11%
Республика Башкортостан город Октябрьский 115557
11%
Ленинградская область город Мурино 89083
11%
Псковская область город Великие Луки 86711
11%
Челябинская область город Озерск 76896
11%
Краснодарский край город Славянск-на-Кубани 62985
11%
Краснодарский край город Лабинск 57428
11%
Смоленская область город Вязьма 51950
11%
Республика Дагестан город Кизляр 49999
11%
Московская область город Звенигород 35842
11%
Вологодская область город Великий Устюг 28670
11%
Смоленская область город Гагарин 26500
11%
Московская область посёлок городского типа Октябрьский 24704
11%
Республика Крым город Армянск 20692
11%
Республика Северная Осетия-Алания село Кизляр 10923
11%
Ростовская область город Волгодонск 168048
10%
Ростовская область город Новочеркасск 163674
10%
Республика Башкортостан город Салават 148575
10%
Московская область город Щёлково 134211
10%
Алтайский край город Рубцовск 126834
10%
Республика Ингушетия город Назрань 122350
10%
Чувашская Республика город Новочебоксарск 120375
10%
Новосибирская область город Бердск 102850
10%
Нижегородская область город Саров 93357
10%
Краснодарский край город Кропоткин 75858
10%
Свердловская область город Верхняя Пышма 71335
10%
Ставропольский край город Минеральные Воды 70485
10%
Воронежская область город Россошь 60879
10%
Московская область город Фрязино 60580
10%
Московская область город Солнечногорск 48413
10%
Республика Крым город Джанкой 37014
10%
Калининградская область город Балтийск 26796
10%
Московская область город Волоколамск 26389
10%
Республика Крым город Саки 24285
10%
Новосибирская область город Татарск 23711
10%
Воронежская область город Павловск 22384
10%
Республика Крым город Судак 17834
10%
Алтайский край село Павловск 13850
10%
Республика Адыгея город Адыгейск 13175
10%
Кемеровская область – Кузбасс город Прокопьевск 177819
8%
Ростовская область город Батайск 126988
8%
Тульская область город Новомосковск 119697
8%
Ставропольский край город Невинномысск 117562
8%
Московская область город Видное 101490
8%
Республика Татарстан город Зеленодольск 99137
8%
Самарская область город Новокуйбышевск 98306
8%
Московская область город Воскресенск 95495
8%
Пермский край город Соликамск 89473
8%
Белгородская область город Губкин 85225
8%
Московская область город Лобня 82764
8%
Саратовская область город Балашов 74057
8%
Московская область город Наро-Фоминск 71121
8%
Курганская область город Шадринск 68609
8%
Воронежская область город Борисоглебск 60687
8%
Нижегородская область город Павлово 57116
8%
Тверская область город Ржев 55757
8%
Краснодарский край город Крымск 54597
8%
Красноярский край город Зеленогорск 54279
8%
Московская область посёлок городского типа Нахабино 50916
8%
Тверская область город Торжок 41116
8%
Московская область город Апрелевка 35514
8%
Вологодская область город Сокол 34742
8%
Ханты-Мансийский автономный округ - Югра город Советский 31138
8%
Нижегородская область город Городец 28660
8%
Республика Крым город Бахчисарай 28609
8%
Челябинская область город Аша 27890
8%
Ленинградская область город Коммунар 25793
8%
Псковская область город Остров 20923
8%
Удмуртская Республика посёлок Ува 19057
8%
Московская область город Электроугли 17944
8%
Владимирская область город Покров 17747
8%
Калининградская область город Зеленоградск 16625
8%
Республика Карелия город Сортавала 14867
8%
Нижегородская область город Чкаловск 11535
8%
Республика Марий Эл посёлок городского типа Советский 10564
8%
Свердловская область город Первоуральск 114450
7%
Ульяновская область город Димитровград 110968
7%
Свердловская область город Серов 94211
7%
Оренбургская область город Бузулук 88341
7%
Республика Татарстан город Бугульма 81677
7%
Кемеровская область – Кузбасс город Юрга 79693
7%
Пензенская область город Кузнецк 78390
7%
Самарская область город Чапаевск 70228
7%
Ленинградская область город Сертолово 68241
7%
Республика Крым город Феодосия 66293
7%
Московская область город Лыткарино 65212
7%
Московская область город Котельники 63728
7%
Нижегородская область город Кстово 63646
7%
Ханты-Мансийский автономный округ - Югра город Нягань 63034
7%
Республика Татарстан город Лениногорск 60993
7%
Тульская область город Алексин 60842
7%
Свердловская область город Березовский 59698
7%
Краснодарский край город Белореченск 55870
7%
Краснодарский край город Тихорецк 55686
7%
Ленинградская область город Тихвин 55415
7%
Воронежская область город Лиски 54147
7%
Краснодарский край город Тимашевск 51858
7%
Владимирская область город Гусь-Хрустальный 51552
7%
Мурманская область город Апатиты 49647
7%
Свердловская область город Лесной 48261
7%
Приморский край город Арсеньев 47937
7%
Кемеровская область – Кузбасс город Березовский 44073
7%
Ханты-Мансийский автономный округ - Югра город Радужный 43577
7%
Мурманская область город Североморск 43327
7%
Ханты-Мансийский автономный округ - Югра город Лангепас 42701
7%
Краснодарский край станица Каневская 41721
7%
Смоленская область город Ярцево 41452
7%
Ханты-Мансийский автономный округ - Югра город Урай 41315
7%
Краснодарский край город Усть-Лабинск 40158
7%
Мурманская область город Мончегорск 39962
7%
Белгородская область город Шебекино 39680
7%
Московская область город Истра 37474
7%
Республика Северная Осетия-Алания город Беслан 35929
7%
Нижегородская область город Богородск 35068
7%
Тверская область город Конаково 33560
7%
Ярославская область город Углич 32719
7%
Воронежская область город Нововоронеж 30658
7%
Оренбургская область город Сорочинск 28478
7%
Оренбургская область город Соль-Илецк 26149
7%
Свердловская область город Североуральск 24428
7%
Костромская область город Буй 20564
7%
Ленинградская область город Приозерск 18777
7%
Тульская область город Суворов 17598
7%
Владимирская область город Радужный 17569
7%
Московская область город Талдом 17317
7%
Калининградская область город Светлогорск 16207
7%
Московская область город Руза 16014
7%
Курская область город Рыльск 15069
7%
Пермский край город Александровск 10780
7%
Московская область посёлок городского типа Лесной 10082
7%
Республика Карелия город Кемь 10018
7%
Кемеровская область – Кузбасс город Междуреченск 96174
6%
Иркутская область город Усть-Илимск 79570
6%
Ленинградская область город Всеволожск 79038
6%
Ивановская область город Кинешма 77694
6%
Оренбургская область город Новотроицк 75960
6%
Республика Хакасия город Черногорск 75745
6%
Московская область город Егорьевск 71686
6%
Республика Дагестан город Буйнакск 68121
6%
Тюменская область город Ишим 67614
6%
Кемеровская область – Кузбасс город Анжеро-Судженск 66583
6%
Московская область город Ступино 64412
6%
Брянская область город Клинцы 63059
6%
Ханты-Мансийский автономный округ - Югра город Когалым 61441
6%
Свердловская область город Ревда 60200
6%
Свердловская область город Асбест 57317
6%
Архангельская область город Котлас 56093
6%
Тульская область город Щекино 55109
6%
Ханты-Мансийский автономный округ - Югра город Мегион 52887
6%
Ленинградская область город Кириши 51028
6%
Челябинская область город Снежинск 50619
6%
Самарская область город Жигулевск 50466
6%
Нижегородская область город Балахна 48569
6%
Ростовская область город Аксай 48372
6%
Ямало-Ненецкий автономный округ город Надым 45973
6%
Московская область город Кашира 45922
6%
Смоленская область город Рославль 45416
6%
Челябинская область город Чебаркуль 44693
6%
Республика Башкортостан город Бирск 44295
6%
Московская область город Краснознаменск 43868
6%
Орловская область город Ливны 43549
6%
Краснодарский край город Темрюк 41608
6%
Ханты-Мансийский автономный округ - Югра город Лянтор 40977
6%
Тверская область город Кимры 40875
6%
Ханты-Мансийский автономный округ - Югра город Пыть-Ях 40180
6%
Республика Дагестан город Кизилюрт 38335
6%
Челябинская область город Южноуральск 37478
6%
Челябинская область город Коркино 37224
6%
Волгоградская область город Урюпинск 36669
6%
Свердловская область город Алапаевск 36189
6%
Калининградская область город Черняховск 36128
6%
Астраханская область город Ахтубинск 35635
6%
Краснодарский край станица Ленинградская 35561
6%
Республика Коми город Печора 35254
6%
Ростовская область город Миллерово 34841
6%
Московская область город Можайск 33880
6%
Приморский край город Партизанск 33832
6%
Приморский край город Дальнегорск 33655
6%
Пензенская область город Каменка 33491
6%
Ямало-Ненецкий автономный округ город Губкинский 33273
6%
Краснодарский край город Приморско-Ахтарск 31087
6%
Московская область город Дедовск 30731
6%
Московская область город Луховицы 29889
6%
Амурская область город Тында 28625
6%
Красноярский край город Дивногорск 27477
6%
Ленинградская область город Кировск 27238
6%
Омская область город Тара 26878
6%
Московская область город Красноармейск 26492
6%
Саратовская область город Петровск 26319
6%
Ленинградская область город Отрадное 25706
6%
Республика Крым город Красноперекопск 25569
6%
Мурманская область город Кировск 24857
6%
Волгоградская область город Калач-на-Дону 24277
6%
Хабаровский край город Советская Гавань 24231
6%
Ханты-Мансийский автономный округ - Югра посёлок городского типа Федоровский 23614
6%
Ставропольский край город Лермонтов 22444
6%
Ленинградская область город Никольское 22355
6%
Саратовская область город Красноармейск 21350
6%
Воронежская область город Бобров 20871
6%
Тверская область город Бологое 20234
6%
Пензенская область город Никольск 19873
6%
Ленинградская область город Лодейное Поле 18905
6%
Белгородская область город Новый Оскол 18359
6%
Алтайский край рабочий посёлок Южный 18098
6%
Воронежская область город Калач 17624
6%
Калужская область город Козельск 16759
6%
Курганская область город Шумиха 16264
6%
Забайкальский край город Петровск-Забайкальский 15015
6%
Новгородская область город Валдай 14074
6%
Владимирская область город Петушки 13317
6%
Нижегородская область город Первомайск 13223
6%
Иркутская область город Байкальск 13199
6%
Калининградская область город Пионерский 12794
6%
Забайкальский край город Могоча 12390
6%
Ленинградская область город Волосово 11931
6%
Республика Дагестан село Аксай 11380
6%
Краснодарский край посёлок Южный 11125
6%
Республика Крым город Старый Крым 10470
6%
Свердловская область город Верхний Тагил 10113
6%
Ставропольский край город Михайловск 114133
4%
Тамбовская область город Мичуринск 90451
4%
Удмуртская Республика город Глазов 87762
4%
Красноярский край город Канск 86816
4%
Кемеровская область – Кузбасс город Киселевск 83431
4%
Свердловская область город Новоуральск 78479
4%
Пермский край город Чайковский 75837
4%
Алтайский край город Новоалтайск 73049
4%
Красноярский край город Минусинск 70089
4%
Кировская область город Кирово-Чепецк 66651
4%
Ленинградская область город Сосновый Бор 65367
4%
Республика Башкортостан город Белорецк 64525
4%
Чеченская Республика город Гудермес 64376
4%
Чеченская Республика город Урус-Мартан 63449
4%
Ставропольский край город Георгиевск 63221
4%
Республика Ингушетия город Сунжа 62078
4%
Ставропольский край город Будённовск 58103
4%
Ростовская область город Сальск 57937
4%
Московская область город Дзержинский 57918
4%
Волгоградская область город Михайловка 56031
4%
Красноярский край город Лесосибирск 55730
4%
Ивановская область город Шуя 55225
4%
Ленинградская область город Кингисепп 49716
4%
Тверская область город Вышний Волочек 45830
4%
Оренбургская область город Бугуруслан 43593
4%
Республика Мордовия город Рузаевка 42989
4%
Челябинская область город Сатка 42597
4%
Новосибирская область город Куйбышев 41946
4%
Приморский край город Большой Камень 41825
4%
Чеченская Республика город Аргун 41622
4%
Краснодарский край город Апшеронск 40289
4%
Краснодарский край город Абинск 39511
4%
Ленинградская область город Волхов 38511
4%
Смоленская область город Сафоново 38403
4%
Ханты-Мансийский автономный округ - Югра город Югорск 38238
4%
Свердловская область город Ирбит 37009
4%
Орловская область город Мценск 36960
4%
Иркутская область город Усть-Кут 36918
4%
Республика Северная Осетия-Алания город Моздок 36784
4%
Белгородская область город Алексеевка 36578
4%
Тульская область город Ефремов 36545
4%
Воронежская область село Новая Усмань 36540
4%
Ленинградская область город Тосно 34066
4%
Кабардино-Балкарская Республика город Нарткала 33203
4%
Свердловская область город Тавда 32749
4%
Алтайский край город Камень-на-Оби 32385
4%
Республика Дагестан город Дагестанские Огни 31412
4%
Чеченская Республика город Ачхой-Мартан 30739
4%
Иркутская область город Зима 30640
4%
Краснодарский край станица Кущевская 30375
4%
Московская область город Электрогорск 29982
4%
Забайкальский край город Борзя 29596
4%
Тульская область город Богородицк 29560
4%
Краснодарский край станица Павловская 29514
4%
Калининградская область город Гусев 29234
4%
Ямало-Ненецкий автономный округ город Муравленко 29233
4%
Мурманская область город Кандалакша 29138
4%
Саратовская область город Маркс 28749
4%
Рязанская область город Касимов 28443
4%
Алтайский край город Славгород 27900
4%
Новосибирская область город Барабинск 27648
4%
Челябинская область город Еманжелинск 27632
4%
Тамбовская область город Котовск 26694
4%
Республика Карелия город Костомукша 26048
4%
Сахалинская область город Холмск 25677
4%
Алтайский край город Алейск 25380
4%
Ханты-Мансийский автономный округ - Югра посёлок городского типа Пойковский 24440
4%
Белгородская область посёлок городского типа Северный 24070
4%
Ленинградская область город Тельмана 23986
4%
Свердловская область город Невьянск 22061
4%
Московская область город Бронницы 21831
4%
Архангельская область город Вельск 21613
4%
Республика Саха (Якутия) город Алдан 21590
4%
Республика Саха (Якутия) город Ленск 21392
4%
Омская область город Калачинск 21378
4%
Новосибирская область посёлок городского типа Кольцово 20862
4%
Московская область город Зарайск 20736
4%
Республика Коми город Инта 20271
4%
Липецкая область город Лебедянь 20049
4%
Ханты-Мансийский автономный округ - Югра город Белоярский 19994
4%
Липецкая область город Данков 19726
4%
Красноярский край город Дудинка 19556
4%
Московская область город Черноголовка 19530
4%
Чеченская Республика город Наурская 18129
4%
Самарская область город Нефтегорск 18076
4%
Нижегородская область город Шахунья 17626
4%
Курская область город Льгов 17557
4%
Челябинская область город Куса 17136
4%
Архангельская область город Онега 16947
4%
Тверская область город Осташков 16674
4%
Ленинградская область город Бокситогорск 16185
4%
Астраханская область город Камызяк 16154
4%
Ханты-Мансийский автономный округ - Югра город Покачи 16040
4%
Тульская область город Ясногорск 15269
4%
Мурманская область город Заполярный 14791
4%
Свердловская область город Ивдель 14306
4%
Московская область город Яхрома 14011
4%
Рязанская область посёлок городского типа Шилово 13917
4%
Забайкальский край посёлок городского типа Забайкальск 13445
4%
Свердловская область посёлок городского типа Белоярский 13293
4%
Хабаровский край город Вяземский 12775
4%
Чеченская Республика город Шелковская 12593
4%
Мурманская область город Полярный 12293
4%
Московская область посёлок городского типа Бутово 12267
4%
Республика Саха (Якутия) город Покровск 12021
4%
Республика Башкортостан село Михайловка 11389
4%
Краснодарский край станица Октябрьская 11319
4%
Ямало-Ненецкий автономный округ посёлок городского типа Пангоды 11132
4%
Республика Северная Осетия-Алания село Сунжа 11086
4%
Самарская область посёлок городского типа Алексеевка 10877
4%
Краснодарский край станица Тамань 10827
4%
Омская область город Называевск 10434
4%
Рязанская область город Михайлов 10303
4%
Псковская область город Печоры 10247
4%
Республика Крым город Щелкино 10131
4%
Удмуртская Республика город Воткинск 97471
3%
Удмуртская Республика город Сарапул 91115
3%
Иркутская область город Усолье-Сибирское 74762
3%
Кемеровская область – Кузбасс город Белово 68542
3%
Московская область город Павловский Посад 65098
3%
Тульская область город Донской 63837
3%
Пермский край город Кунгур 62673
3%
Ленинградская область город Кудрово 60791
3%
Ростовская область город Гуково 60361
3%
Кабардино-Балкарская Республика город Прохладный 59938
3%
Республика Башкортостан город Кумертау 57949
3%
Новосибирская область город Искитим 57147
3%
Республика Башкортостан город Мелеуз 56505
3%
Республика Дагестан город Избербаш 55996
3%
Чеченская Республика город Шали 55054
3%
Республика Адыгея посёлок городского типа Яблоновский 54291
3%
Пермский край город Лысьва 53855
3%
Забайкальский край город Краснокаменск 51137
3%
Тульская область город Узловая 49427
3%
Пермский край город Краснокамск 48778
3%
Амурская область город Свободный 48517
3%
Краснодарский край город Курганинск 47305
3%
Самарская область город Отрадный 46984
3%
Пермский край город Чусовой 45471
3%
Чувашская Республика город Канаш 44354
3%
Удмуртская Республика город Можга 44345
3%
Липецкая область город Грязи 43908
3%
Республика Ингушетия город Карабулак 43037
3%
Калужская область город Малоярославец 41836
3%
Краснодарский край город Кореновск 41826
3%
Алтайский край город Заринск 41272
3%
Свердловская область город Верхняя Салда 41034
3%
Краснодарский край город Горячий Ключ 40903
3%
Кемеровская область – Кузбасс город Мариинск 40779
3%
Кемеровская область – Кузбасс город Осинники 40367
3%
Саратовская область город Пугачев 40127
3%
Владимирская область город Кольчугино 39410
3%
Тамбовская область город Моршанск 39023
3%
Тюменская область город Ялуторовск 38853
3%
Ставропольский край город Изобильный 38614
3%
Ярославская область город Переславль-Залесский 37738
3%
Московская область город Протвино 37735
3%
Свердловская область город Качканар 37307
3%
Самарская область город Кинель 36729
3%
Краснодарский край станица Динская 36576
3%
Республика Ингушетия город Малгобек 36480
3%
Приморский край город Спасск-Дальний 35732
3%
Волгоградская область город Фролово 35661
3%
Краснодарский край город Новокубанск 34000
3%
Сахалинская область город Корсаков 33950
3%
Краснодарский край город Гулькевичи 33357
3%
Архангельская область город Новодвинск 33294
3%
Оренбургская область город Гай 33280
3%
Ставропольский край город Зеленокумск 33187
3%
Белгородская область город Валуйки 33032
3%
Челябинская область город Трехгорный 32463
3%
Чувашская Республика город Алатырь 32265
3%
Воронежская область город Острогожск 31699
3%
Ставропольский край город Благодарный 30827
3%
Новосибирская область город Обь 30369
3%
Краснодарский край станица Староминская 30362
3%
Свердловская область город Артемовский 28943
3%
Воронежская область город Семилуки 27938
3%
Республика Адыгея посёлок городского типа Энем 27717
3%
Новгородская область город Старая Русса 27487
3%
Самарская область город Похвистнево 27333
3%
Владимирская область город Киржач 27318
3%
Тюменская область город Заводоуковск 27100
3%
Краснодарский край станица Северская 26973
3%
Оренбургская область город Кувандык 26596
3%
Республика Карелия город Кондопога 25851
3%
Ямало-Ненецкий автономный округ город Лабытнанги 25501
3%
Смоленская область город Десногорск 25345
3%
Нижегородская область город Семенов 25075
3%
Краснодарский край посёлок городского типа Ильский 24932
3%
Новосибирская область город Карасук 24890
3%
Астраханская область город Знаменск 24628
3%
Воронежская область город Бутурлиновка 24397
3%
Карачаево-Черкесская Республика город Карачаевск 23867
3%
Приморский край город Дальнереченск 23613
3%
Тамбовская область город Уварово 23584
3%
Республика Карелия город Сегежа 23543
3%
Пермский край город Губаха 23397
3%
Свердловская область город Среднеуральск 23344
3%
Московская область город Кубинка 23146
3%
Ставропольский край город Нефтекумск 23137
3%
Краснодарский край станица Отрадная 23041
3%
Челябинская область город Верхний Уфалей 22981
3%
Волгоградская область посёлок городского типа Городище 22905
3%
Ставропольский край город Железноводск 22863
3%
Московская область город Голицыно 22733
3%
Кемеровская область – Кузбасс город Тайга 22375
3%
Краснодарский край город Хадыженск 22094
3%
Камчатский край город Вилючинск 21774
3%
Нижегородская область город Лысково 21657
3%
Рязанская область город Сасово 21628
3%
Республика Северная Осетия-Алания город Алагир 21550
3%
Свердловская область город Красноуральск 21507
3%
Челябинская область город Усть-Катав 21439
3%
Мурманская область город Оленегорск 21438
3%
Ханты-Мансийский автономный округ - Югра посёлок городского типа Излучинск 21389
3%
Рязанская область город Рыбное 21069
3%
Волгоградская область город Котово 21028
3%
Кабардино-Балкарская Республика город Чегем 20736
3%
Рязанская область город Ряжск 20634
3%
Пензенская область город Нижний Ломов 20421
3%
Республика Татарстан город Арск 20421
3%
Сахалинская область город Оха 20357
3%
Ямало-Ненецкий автономный округ город Тарко-Сале 19900
3%
Республика Марий Эл город Козьмодемьянск 19731
3%
Приморский край город Фокино 19711
3%
Липецкая область город Усмань 19662
3%
Московская область город Пущино 19578
3%
Ставропольский край станица Суворовская 19378
3%
Краснодарский край станица Брюховецкая 19154
3%
Республика Северная Осетия-Алания город Ардон 18956
3%
Свердловская область город Нижняя Тура 18392
3%
Челябинская область город Пласт 18379
3%
Саратовская область город Ершов 18095
3%
Республика Бурятия город Кяхта 17877
3%
Республика Башкортостан город Баймак 17833
3%
Приморский край посёлок городского типа Лучегорск 17437
3%
Хабаровский край посёлок городского типа Ванино 17326
3%
Оренбургская область город Абдулино 17274
3%
Рязанская область город Новомичуринск 16900
3%
Пермский край город Нытва 16675
3%
Волгоградская область город Краснослободск 16545
3%
Свердловская область город Нижняя Салда 16505
3%
Алтайский край город Яровое 16424
3%
Воронежская область город Поворино 16417
3%
Челябинская область город Бакал 16345
3%
Хабаровский край город Бикин 16240
3%
Ханты-Мансийский автономный округ - Югра посёлок городского типа Белый Яр 16141
3%
Ленинградская область город Подпорожье 16123
3%
Ярославская область город Гаврилов-Ям 16084
3%
Амурская область город Райчихинск 15797
3%
Оренбургская область город Ясный 15471
3%
Республика Дагестан село Ахты 15285
3%
Московская область посёлок городского типа Запрудня 15189
3%
Красноярский край город Бородино 15174
3%
Новосибирская область город Купино 15065
3%
Саратовская область город Калининск 14949
3%
Курганская область город Куртамыш 14806
3%
Алтайский край город Белокуриха 14735
3%
Нижегородская область город Навашино 14664
3%
Московская область город Краснозаводск 14639
3%
Воронежская область город Богучар 14370
3%
Новгородская область город Чудово 14302
3%
Ленинградская область город Колтуши 14289
3%
Ставропольский край село Красногвардейское 14200
3%
Ленинградская область город Шлиссельбург 14131
3%
Калининградская область город Гвардейск 14122
3%
Новгородская область город Пестово 14032
3%
Ростовская область посёлок Матвеев Курган 13991
3%
Ленинградская область город Светогорск 13784
3%
Ярославская область город Данилов 13677
3%
Республика Крым посёлок городского типа Приморский 13310
3%
Краснодарский край станица Петровская 13088
3%
Московская область город Высоковск 13081
3%
Ханты-Мансийский автономный округ - Югра посёлок Солнечный 12885
3%
Московская область посёлок городского типа Шаховская 12862
3%
Владимирская область город Лакинск 12861
3%
Оренбургская область село Тоцкое Второе 12825
3%
Чувашская Республика город Цивильск 12762
3%
Владимирская область город Гороховец 12666
3%
Нижегородская область город Лукоянов 12652
3%
Тверская область город Калязин 12621
3%
Калужская область город Боровск 12598
3%
Брянская область город Фокино 12538
3%
Республика Тыва город Ак-Довурак 12456
3%
Республика Хакасия город Абаза 12272
3%
Хабаровский край посёлок городского типа Солнечный 12267
3%
Астраханская область село Красный Яр 12254
3%
Забайкальский край город Шилка 12046
3%
Республика Карелия город Медвежьегорск 11962
3%
Курганская область город Катайск 11881
3%
Владимирская область город Струнино 11774
3%
Курганская область город Далматово 11584
3%
Липецкая область город Чаплыгин 11579
3%
Московская область посёлок городского типа Михнево 11425
3%
Республика Мордовия посёлок городского типа Комсомольский 11255
3%
Краснодарский край станица Старомышастовская 11250
3%
Краснодарский край станица Новомышастовская 11218
3%
Забайкальский край посёлок городского типа Первомайский 11112
3%
Республика Крым посёлок городского типа Красногвардейское 11073
3%
Пермский край город Горнозаводск 11073
3%
Смоленская область посёлок городского типа Верхнеднепровский 10831
3%
Кабардино-Балкарская Республика село Чегем Второй 10689
3%
Тамбовская область посёлок городского типа Первомайский 10674
3%
Вологодская область город Вытегра 10386
3%
Тульская область посёлок городского типа Первомайский 10234
3%
Республика Хакасия село Белый Яр 10107
3%
Омская область посёлок городского типа Черлак 10098
3%
Воронежская область город Эртиль 10024
3%
Московская область город Ивантеевка 82827
1%
Республика Башкортостан город Туймазы 68349
1%
Республика Башкортостан город Ишимбай 64041
1%
Республика Башкортостан город Белебей 59195
1%
Республика Татарстан город Чистополь 58815
1%
Пензенская область город Заречный 58510
1%
Республика Башкортостан город Сибай 56514
1%
Свердловская область город Краснотурьинск 55875
1%
Свердловская область город Полевской 55182
1%
Саратовская область город Вольск 55035
1%
Иркутская область город Черемхово 53958
1%
Республика Саха (Якутия) город Нерюнгри 53409
1%
Новгородская область город Боровичи 47883
1%
Тамбовская область город Рассказово 47644
1%
Красноярский край город Назарово 45333
1%
Нижегородская область город Выкса 45240
1%
Республика Хакасия город Саяногорск 44872
1%
Иркутская область город Шелехов 41998
1%
Ростовская область город Белая Калитва 40448
1%
Красноярский край город Сосновоборск 40442
1%
Кемеровская область – Кузбасс город Мыски 40109
1%
Ярославская область город Тутаев 39643
1%
Кабардино-Балкарская Республика город Баксан 39593
1%
Томская область город Стрежевой 39169
1%
Брянская область город Новозыбков 38680
1%
Иркутская область город Тулун 38440
1%
Московская область город Шатура 38230
1%
Саратовская область город Ртищево 37850
1%
Свердловская область город Красноуфимск 37301
1%
Иркутская область посёлок городского типа Маркова 36971
1%
Нижегородская область город Заволжье 36763
1%
Свердловская область город Реж 36585
1%
Камчатский край город Елизово 36240
1%
Владимирская область город Вязники 36203
1%
Республика Башкортостан город Учалы 36175
1%
Челябинская область город Кыштым 36045
1%
Ставропольский край посёлок городского типа Горячеводский 36032
1%
Калужская область город Людиново 35874
1%
Ставропольский край город Светлоград 35703
1%
Ростовская область город Красный Сулин 35697
1%
Чеченская Республика город Ойсхара 35608
1%
Иркутская область город Саянск 35561
1%
Приморский край город Лесозаводск 35433
1%
Республика Татарстан город Азнакаево 34750
1%
Ленинградская область город Сланцы 34628
1%
Архангельская область город Коряжма 34523
1%
Иркутская область город Тайшет 34491
1%
Московская область город Ликино-Дулёво 34191
1%
Республика Татарстан город Нурлат 33990
1%
Красноярский край город Шарыпово 33961
1%
Пермский край город Чернушка 32991
1%
Свердловская область город Сухой Лог 32748
1%
Нижегородская область город Кулебаки 32184
1%
Республика Коми город Усинск 32182
1%
Краснодарский край станица Новотитаровская 31520
1%
Ивановская область город Тейково 31305
1%
Республика Башкортостан город Дюртюли 31185
1%
Республика Башкортостан село Иглино 31169
1%
Карачаево-Черкесская Республика город Усть-Джегута 31137
1%
Ивановская область город Кохма 30940
1%
Ивановская область город Вичуга 30694
1%
Московская область посёлок городского типа Томилино 30306
1%
Пензенская область город Сердобск 30220
1%
Свердловская область город Богданович 30142
1%
Иркутская область город Нижнеудинск 29995
1%
Кировская область город Вятские Поляны 29742
1%
Новосибирская область посёлок городского типа Краснообск 29086
1%
Московская область посёлок городского типа Дрожжино 29072
1%
Калужская область город Балабаново 29029
1%
Московская область город Лосино-Петровский 29000
1%
Пермский край город Добрянка 28782
1%
Пермский край город Кудымкар 28293
1%
Свердловская область город Заречный 28112
1%
Ставропольский край посёлок городского типа Иноземцево 27500
1%
Свердловская область город Кушва 27306
1%
Республика Ингушетия село Экажево 27224
1%
Кемеровская область – Кузбасс город Топки 27158
1%
Свердловская область город Камышлов 27117
1%
Московская область посёлок городского типа Мисайлово 27093
1%
Московская область посёлок городского типа Путилково 27081
1%
Чувашская Республика город Шумерля 26873
1%
Ставропольский край город Новоалександровск 26767
1%
Калининградская область город Гурьевск 26760
1%
Кабардино-Балкарская Республика город Майский 26632
1%
Тульская область город Кимовск 26475
1%
Ставропольский край город Ипатово 26122
1%
Московская область посёлок городского типа Малаховка 25989
1%
Тверская область город Удомля 25950
1%
Республика Башкортостан город Янаул 25908
1%
Свердловская область город Карпинск 25879
1%
Краснодарский край станица Тбилисская 25650
1%
Кемеровская область – Кузбасс город Полысаево 25631
1%
Тульская область город Киреевск 25560
1%
Краснодарский край посёлок городского типа Мостовской 25548
1%
Брянская область город Дятьково 25255
1%
Рязанская область город Скопин 25238
1%
Московская область посёлок городского типа Калининец 25082
1%
Томская область город Асино 24913
1%
Ставропольский край станица Ессентукская 24710
1%
Республика Бурятия город Гусиноозерск 24543
1%
Брянская область город Унеча 24274
1%
Ростовская область город Морозовск 24258
1%
Республика Бурятия город Северобайкальск 24233
1%
Ивановская область город Родники 24101
1%
Ростовская область город Зерноград 24076
1%
Ленинградская область деревня Новое Девяткино 23988
1%
Краснодарский край станица Елизаветинская 23841
1%
Оренбургская область город Медногорск 23693
1%
Краснодарский край посёлок городского типа Афипский 23592
1%
Чеченская Республика город Курчалой 23425
1%
Республика Ингушетия станица Троицкая 23078
1%
Московская область город Старая Купавна 22898
1%
Саратовская область город Аткарск 22709
1%
Республика Башкортостан рабочий посёлок Чишмы 22597
1%
Ленинградская область город Бугры 22428
1%
Пермский край город Верещагино 22239
1%
Республика Коми город Сосногорск 22189
1%
Кемеровская область – Кузбасс город Гурьевск 22134
1%
Кабардино-Балкарская Республика город Тырныауз 22056
1%
Волгоградская область город Котельниково 22016
1%
Кемеровская область – Кузбасс город Таштагол 21980
1%
Республика Башкортостан город Давлеканово 21834
1%
Иркутская область город Вихоревка 21719
1%
Ростовская область город Семикаракорск 21719
1%
Республика Татарстан город Бавлы 21628
1%
Краснодарский край посёлок городского типа Ахтырский 21515
1%
Тверская область город Бежецк 21466
1%
Московская область город Рошаль 21401
1%
Калининградская область город Светлый 21114
1%
Томская область город Колпашево 20824
1%
Ставропольский край город Новопавловск 20781
1%
Свердловская область город Сысерть 20634
1%
Самарская область посёлок городского типа Безенчук 20516
1%
Омская область город Исилькуль 20515
1%
Костромская область город Шарья 20439
1%
Ленинградская область город Пикалево 20388
1%
Кировская область город Котельнич 20144
1%
Республика Татарстан город Агрыз 19991
1%
Костромская область город Нерехта 19977
1%
Тюменская область посёлок городского типа Боровский 19972
1%
Республика Татарстан город Буинск 19968
1%
Кабардино-Балкарская Республика город Терек 19948
1%
Новосибирская область город Черепаново 19900
1%
Московская область город Куровское 19857
1%
Республика Мордовия город Ковылкино 19793
1%
Республика Башкортостан рабочий посёлок Приютово 19595
1%
Ростовская область город Зверево 19353
1%
Удмуртская Республика посёлок Игра 19319
1%
Свердловская область город Арамиль 19013
1%
Ростовская область город Пролетарск 18983
1%
Свердловская область город Кировград 18698
1%
Республика Башкортостан село Раевский 18698
1%
Тверская область город Нелидово 18603
1%
Астраханская область город Харабали 18514
1%
Архангельская область город Няндома 18473
1%
Красноярский край город Боготол 18206
1%
Алтайский край посёлок городского типа Тальменка 18070
1%
Иркутская область город Слюдянка 18058
1%
Республика Дагестан село Бабаюрт 18039
1%
Республика Татарстан село Высокая Гора 17736
1%
Брянская область город Жуковка 17628
1%
Красноярский край город Енисейск 17537
1%
Краснодарский край село Белая Глина 17470
1%
Брянская область город Карачев 17449
1%
Владимирская область город Собинка 17444
1%
Владимирская область город Юрьев-Польский 17276
1%
Тульская область город Плавск 16893
1%
Чеченская Республика село Цоци-Юрт 16890
1%
Московская область деревня Сапроново 16817
1%
Свердловская область город Туринск 16561
1%
Забайкальский край посёлок городского типа Агинское 16511
1%
Ульяновская область город Инза 16293
1%
Вологодская область посёлок городского типа Шексна 16246
1%
Ленинградская область посёлок городского типа Рощино 16162
1%
Красноярский край город Иланский 15945
1%
Мурманская область город Ковдор 15770
1%
Московская область деревня Островцы 15752
1%
Республика Башкортостан город Межгорье 15697
1%
Новосибирская область город Болотное 15644
1%
Краснодарский край станица Анапская 15593
1%
Волгоградская область город Жирновск 15555
1%
Иркутская область город Свирск 15485
1%
Самарская область село Подстепки 15455
1%
Челябинская область город Касли 15383
1%
Иркутская область посёлок Усть-Ордынский 15364
1%
Волгоградская область город Новоаннинский 15351
1%
Воронежская область посёлок городского типа Анна 15316
1%
Забайкальский край город Нерчинск 15290
1%
Саратовская область город Новоузенск 15216
1%
Московская область посёлок городского типа Софрино 15136
1%
Московская область посёлок городского типа Большие Вязёмы 15060
1%
Курская область город Щигры 14927
1%
Краснодарский край станица Васюринская 14829
1%
Свердловская область город Талица 14808
1%
Калужская область город Сухиничи 14806
1%
Московская область посёлок Развилка 14788
1%
Волгоградская область город Дубовка 14779
1%
Ростовская область город Цимлянск 14731
1%
Алтайский край село Кулунда 14708
1%
Челябинская область город Катав-Ивановск 14663
1%
Московская область посёлок городского типа Селятино 14523
1%
Удмуртская Республика посёлок Балезино 14459
1%
Костромская область город Волгореченск 14355
1%
Ивановская область город Приволжск 14332
1%
Саратовская область город Красный Кут 14296
1%
Кировская область город Яранск 14284
1%
Республика Башкортостан город Агидель 14219
1%
Ханты-Мансийский автономный округ - Югра посёлок Нижнесортымский 14217
1%
Белгородская область посёлок Майский 14143
1%
Красноярский край город Ужур 14134
1%
Тверская область город Кашин 14113
1%
Псковская область город Невель 13980
1%
Тамбовская область город Жердевка 13883
1%
Республика Калмыкия город Лагань 13834
1%
Пензенская область село Бессоновка 13775
1%
Московская область город Белоозёрский 13737
1%
Краснодарский край село Витязево 13716
1%
Ульяновская область город Новоульяновск 13673
1%
Забайкальский край посёлок городского типа Чернышевск 13670
1%
Приморский край посёлок городского типа Кавалерово 13494
1%
Оренбургская область посёлок Новосергиевка 13438
1%
Владимирская область город Меленки 13407
1%
Самарская область посёлок городского типа Суходол 13348
1%
Красноярский край город Кодинск 13324
1%
Московская область посёлок городского типа Боброво 13259
1%
Краснодарский край станица Старотитаровская 13223
1%
Ставропольский край село Арзгир 13160
1%
Владимирская область город Карабаново 13150
1%
Тюменская область посёлок городского типа Голышманово 13037
1%
Республика Калмыкия село Троицкое 12964
1%
Республика Саха (Якутия) город Удачный 12930
1%
Костромская область город Галич 12856
1%
Тульская область город Белев 12846
1%
Краснодарский край станица Крыловская 12797
1%
Саратовская область посёлок Светлый 12702
1%
Тульская область город Венев 12668
1%
Московская область село Немчиновка 12648
1%
Ленинградская область посёлок городского типа Им. Свердлова 12644
1%
Ростовская область село Покровское 12627
1%
Чеченская Республика город Серноводское 12583
1%
Ленинградская область город Сясьстрой 12566
1%
Волгоградская область город Петров Вал 12526
1%
Нижегородская область город Урень 12450
1%
Краснодарский край станица Натухаевская 12442
1%
Московская область село Молоково 12361
1%
Саратовская область посёлок городского типа Степное 12355
1%
Ростовская область посёлок городского типа Каменоломни 12327
1%
Московская область город Дрезна 12295
1%
Саратовская область город Хвалынск 12042
1%
Красноярский край город Уяр 12036
1%
Владимирская область город Камешково 12028
1%
Челябинская область посёлок городского типа Красногорский 12023
1%
Республика Северная Осетия-Алания село Ногир 12011
1%
Республика Дагестан село Ботлих 11944
1%
Красноярский край посёлок городского типа Курагино 11908
1%
Краснодарский край станица Старокорсунская 11889
1%
Вологодская область город Бабаево 11869
1%
Курская область город Обоянь 11844
1%
Самарская область село Ягодное 11801
1%
Оренбургская область село Ивановка 11800
1%
Республика Тыва город Шагонар 11772
1%
Нижегородская область село Починки 11761
1%
Московская область город Пересвет 11752
1%
Калужская область город Кременки 11745
1%
Сахалинская область город Долинск 11740
1%
Ставропольский край станица Курская 11692
1%
Свердловская область посёлок городского типа Арти 11657
1%
Тюменская область посёлок городского типа Богандинский 11627
1%
Республика Татарстан село Пестрецы 11601
1%
Краснодарский край станица Новоминская 11595
1%
Республика Крым посёлок городского типа Черноморское 11581
1%
Московская область посёлок городского типа Некрасовский 11574
1%
Тверская область город Торопец 11441
1%
Калужская область город Сосенский 11413
1%
Республика Бурятия город Закаменск 11365
1%
Республика Адыгея станица Ханская 11319
1%
Краснодарский край село Успенское 11286
1%
Краснодарский край станица Казанская 11234
1%
Пермский край посёлок городского типа Полазна 11200
1%
Ленинградская область посёлок городского типа Мга 11150
1%
Воронежская область рабочий посёлок Таловая 11136
1%
Астраханская область город Нариманов 11104
1%
Оренбургская область посёлок Новоорск 11071
1%
Ханты-Мансийский автономный округ - Югра посёлок городского типа Междуреченский 11067
1%
Сахалинская область посёлок городского типа Ноглики 11066
1%
Новосибирская область город Чулым 11034
1%
Тверская область город Лихославль 11017
1%
Иркутская область город Киренск 10998
1%
Республика Мордовия посёлок городского типа Зубова Поляна 10996
1%
Республика Коми город Емва 10994
1%
Саратовская область город Аркадак 10990
1%
Белгородская область посёлок городского типа Ровеньки 10939
1%
Республика Крым посёлок городского типа Октябрьское 10932
1%
Воронежская область рабочий посёлок Кантемировка 10715
1%
Свердловская область город Новая Ляля 10684
1%
Краснодарский край хутор Ленина 10644
1%
Сахалинская область город Невельск 10608
1%
Московская область деревня Давыдово 10601
1%
Красноярский край город Заозерный 10573
1%
Республика Коми село Выльгорт 10564
1%
Республика Татарстан город Тетюши 10535
1%
Челябинская область город Карабаш 10514
1%
Архангельская область рабочий посёлок Коноша 10470
1%
Владимирская область город Судогда 10408
1%
Челябинская область город Нязепетровск 10379
1%
Рязанская область город Кораблино 10334
1%
Челябинская область город Юрюзань 10284
1%
Краснодарский край посёлок Знаменский 10248
1%
Республика Северная Осетия-Алания село Октябрьское 10149
1%
Республика Саха (Якутия) город Нюрба 10138
1%
Республика Хакасия город Сорск 10124
1%
Алтайский край город Горняк 10112
1%
Московская область посёлок городского типа Вербилки 10089
1%
Челябинская область село Аргаяш 10084
1%
Удмуртская Республика город Камбарка 10080
1%
Свердловская область посёлок Троицкий 10045
1%
Ленинградская область посёлок городского типа Янино-1 16886
1%
Республика Татарстан город Заинск 39739
0%
Саратовская область посёлок городского типа Приволжский 33096
0%
Ивановская область город Фурманов 29715
0%
Кировская область город Слободской 29148
0%
Московская область посёлок городского типа Власиха 28240
0%
Белгородская область посёлок городского типа Разумное 28192
0%
Самарская область посёлок Придорожный 27515
0%
Московская область посёлок городского типа Красково 27306
0%
Челябинская область город Карталы 27103
0%
Пензенская область село Засечное 26878
0%
Ставропольский край село Кочубеевское 26645
0%
Ставропольский край село Александровское 25479
0%
Московская область город Озёры 24359
0%
Краснодарский край станица Полтавская 24164
0%
Белгородская область город Строитель 23780
0%
Московская область посёлок городского типа Свердловский 23058
0%
Республика Татарстан город Менделеевск 22875
0%
Московская область посёлок городского типа Тучково 22657
0%
Кемеровская область – Кузбасс город Калтан 21752
0%
Республика Марий Эл посёлок городского типа Медведево 21752
0%
Самарская область посёлок городского типа Стройкерамика 21567
0%
Кабардино-Балкарская Республика село Дыгулыбгей 20852
0%
Новосибирская область город Тогучин 20766
0%
Республика Дагестан село Карабудахкент 20710
0%
Московская область город Хотьково 20466
0%
Московская область посёлок городского типа Монино 20313
0%
Нижегородская область город Сергач 20256
0%
Карачаево-Черкесская Республика станица Зеленчукская 20009
0%
Краснодарский край станица Выселки 19955
0%
Республика Тыва посёлок городского типа Каа-Хем 19686
0%
Тамбовская область посёлок Строитель 19647
0%
Кировская область город Омутнинск 19629
0%
Ростовская область село Чалтырь 19583
0%
Приморский край посёлок Трудовое 19543
0%
Пермский край город Оса 19523
0%
Кемеровская область – Кузбасс посёлок городского типа Промышленная 19484
0%
Республика Дагестан посёлок городского типа Ленинкент 19438
0%
Амурская область город Зея 19414
0%
Чеченская Республика село Гойты 19198
0%
Ставропольский край станица Незлобная 19068
0%
Красноярский край посёлок городского типа Березовка 19059
0%
Оренбургская область посёлок Саракташ 18789
0%
Краснодарский край станица Холмская 18699
0%
Ставропольский край посёлок городского типа Свободы 18582
0%
Краснодарский край станица Новопокровская 18559
0%
Амурская область село Чигири 18538
0%
Чеченская Республика село Автуры 18446
0%
Республика Дагестан посёлок городского типа Тарки 18233
0%
Волгоградская область город Суровикино 18227
0%
Республика Ингушетия станица Нестеровская 17981
0%
Республика Татарстан город Кукмор 17886
0%
Московская область посёлок городского типа Удельная 17846
0%
Новосибирская область посёлок городского типа Линево 17779
0%
Брянская область город Стародуб 17687
0%
Московская область посёлок ВНИИССОК 17597
0%
Краснодарский край станица Медведовская 17404
0%
Республика Татарстан посёлок городского типа Васильево 17286
0%
Краснодарский край станица Старощербиновская 17251
0%
Ростовская область город Константиновск 17207
0%
Чеченская Республика село Бачи-Юрт 17173
0%
Новосибирская область посёлок городского типа Коченево 17053
0%
Республика Татарстан село Осиново 16991
0%
Республика Дагестан село Нижнее Казанище 16984
0%
Республика Алтай село Майма 16890
0%
Республика Ингушетия село Кантышево 16783
0%
Ставропольский край село Краснокумское 16702
0%
Самарская область село Кинель-Черкассы 16658
0%
Красноярский край посёлок городского типа Шушенское 16573
0%
Амурская область город Шимановск 16488
0%
Республика Ингушетия село Плиево 16440
0%
Краснодарский край станица Гостагаевская 16438
0%
Тамбовская область город Кирсанов 16164
0%
Московская область посёлок городского типа им. Воровского 16127
0%
Белгородская область посёлок Дубовое 16101
0%
Кабардино-Балкарская Республика село Нартан 16075
0%
Сахалинская область город Поронайск 16026
0%
Республика Татарстан город Мензелинск 16008
0%
Республика Татарстан деревня Куюки 15977
0%
Ростовская область посёлок Орловский 15942
0%
Республика Дагестан село Каякент 15923
0%
Брянская область город Сельцо 15906
0%
Краснодарский край станица Раевская 15902
0%
Карачаево-Черкесская Республика село Учкекен 15849
0%
Краснодарский край село Супсех 15736
0%
Калужская область город Кондрово 15734
0%
Республика Татарстан город Мамадыш 15726
0%
Ростовская область посёлок Зимовники 15691
0%
Красноярский край посёлок городского типа Емельяново 15649
0%
Пермский край город Кизел 15619
0%
Калужская область посёлок городского типа Товарково 15606
0%
Республика Бурятия село Поселье 15603
0%
Московская область посёлок городского типа Кратово 15565
0%
Республика Дагестан посёлок городского типа Семендер 15565
0%
Брянская область посёлок Навля 15536
0%
Республика Северная Осетия-Алания посёлок городского типа Заводской 15508
0%
Свердловская область город Дегтярск 15497
0%
Новосибирская область посёлок городского типа Сузун 15482
0%
Томская область посёлок Зональная Станция 15421
0%
Краснодарский край станица Варениковская 15385
0%
Чеченская Республика село Гехи 15352
0%
Чеченская Республика село Катар-Юрт 15199
0%
Свердловская область посёлок городского типа Рефтинский 15164
0%
Ленинградская область посёлок городского типа Вырица 15086
0%
Иркутская область село Хомутово 15064
0%
Брянская область город Почеп 14991
0%
Волгоградская область город Палласовка 14966
0%
Ульяновская область город Барыш 14924
0%
Белгородская область посёлок городского типа Чернянка 14896
0%
Воронежская область посёлок городского типа Грибановский 14830
0%
Московская область посёлок городского типа Лесной Городок 14765
0%
Кемеровская область – Кузбасс посёлок городского типа Новый Городок 14691
0%
Московская область посёлок городского типа Ильинский 14645
0%
Пермский край деревня Кондратово 14631
0%
Ростовская область станица Егорлыкская 14602
0%
Ростовская область село Кулешовка 14568
0%
Вологодская область город Грязовец 14505
0%
Пермский край город Красновишерск 14460
0%
Республика Адыгея станица Гиагинская 14445
0%
Чеченская Республика село Алхан-Кала 14423
0%
Пермский край город Очер 14385
0%
Ставропольский край село Донское 14338
0%
Краснодарский край станица Старовеличковская 14310
0%
Чеченская Республика село Старые-Атаги 14280
0%
Волгоградская область посёлок городского типа Средняя Ахтуба 14241
0%
Республика Хакасия рабочий посёлок Усть-Абакан 14210
0%
Республика Дагестан село Новый Хушет 14180
0%
Мурманская область город Полярные Зори 14146
0%
Краснодарский край станица Калининская 14121
0%
Волгоградская область посёлок городского типа Елань 14095
0%
Алтайский край село Алтайское 14068
0%
Чеченская Республика село Алхан-Юрт 14031
0%
Краснодарский край станица Ладожская 14022
0%
Республика Татарстан посёлок городского типа Камские Поляны 13910
0%
Белгородская область село Стрелецкое 13792
0%
Кабардино-Балкарская Республика село Шалушка 13660
0%
Белгородская область село Таврово 13592
0%
Ростовская область станица Багаевская 13587
0%
Республика Татарстан посёлок городского типа Джалиль 13560
0%
Брянская область посёлок Климово 13554
0%
Иркутская область посёлок городского типа Чунский 13554
0%
Ленинградская область посёлок городского типа Сиверский 13496
0%
Краснодарский край станица Стародеревянковская 13482
0%
Чувашская Республика посёлок городского типа Кугеси 13451
0%
Чеченская Республика село Знаменское 13379
0%
Республика Саха (Якутия) посёлок городского типа Айхал 13370
0%
Брянская область город Трубчевск 13287
0%
Республика Бурятия посёлок городского типа Селенгинск 13261
0%
Ставропольский край посёлок городского типа Солнечнодольск 13234
0%
Республика Ингушетия село Сурхахи 13153
0%
Новосибирская область посёлок городского типа Маслянино 13147
0%
Краснодарский край посёлок городского типа Сириус 13115
0%
Ставропольский край село Дивное 13104
0%
Республика Адыгея посёлок Новая Адыгея 13058
0%
Костромская область город Мантурово 13043
0%
Республика Башкортостан село Чекмагуш 13024
0%
Алтайский край село Власиха 12973
0%
Ивановская область город Южа 12957
0%
Кемеровская область – Кузбасс посёлок городского типа Яшкино 12957
0%
Чеченская Республика село Самашки 12899
0%
Ленинградская область посёлок городского типа Кузьмоловский 12820
0%
Тюменская область посёлок городского типа Винзили 12796
0%
Кемеровская область – Кузбасс посёлок городского типа Бачатский 12729
0%
Республика Северная Осетия-Алания село Эльхотово 12723
0%
Московская область посёлок городского типа Фряново 12682
0%
Республика Ингушетия село Сагопши 12663
0%
Чеченская Республика село Мескер-Юрт 12623
0%
Новосибирская область посёлок городского типа Колывань 12585
0%
Белгородская область посёлок городского типа Борисовка 12553
0%
Республика Дагестан село Касумкент 12502
0%
Кемеровская область – Кузбасс посёлок городского типа Инской 12499
0%
Астраханская область село Началово 12459
0%
Чеченская Республика село Герменчук 12456
0%
Московская область посёлок городского типа Новоивановское 12338
0%
Республика Крым посёлок городского типа Гаспра 12262
0%
Краснодарский край станица Марьянская 12215
0%
Республика Крым посёлок городского типа Гвардейское 12209
0%
Краснодарский край станица Платнировская 12193
0%
Забайкальский край посёлок городского типа Карымское 12124
0%
Ульяновская область посёлок городского типа Чердаклы 12084
0%
Республика Башкортостан село Месягутово 12019
0%
Ставропольский край село Надежда 12006
0%
Свердловская область посёлок Буланаш 11989
0%
Кабардино-Балкарская Республика село Заюково 11976
0%
Омская область посёлок городского типа Таврическое 11960
0%
Республика Дагестан посёлок городского типа Белиджи 11957
0%
Брянская область посёлок Клетня 11947
0%
Хабаровский край посёлок городского типа Чегдомын 11895
0%
Чеченская Республика село Майртуп 11886
0%
Новосибирская область село Криводановка 11874
0%
Кабардино-Балкарская Республика село Исламей 11760
0%
Московская область посёлок Глебовский 11678
0%
Ленинградская область посёлок городского типа Ульяновка 11676
0%
Республика Татарстан посёлок городского типа Алексеевское 11613
0%
Ставропольский край село Курсавка 11517
0%
Чеченская Республика село Аллерой 11436
0%
Республика Саха (Якутия) посёлок городского типа Жатай 11436
0%
Кемеровская область – Кузбасс посёлок городского типа Краснобродский 11406
0%
Вологодская область посёлок городского типа Кадуй 11343
0%
Волгоградская область посёлок городского типа Светлый Яр 11322
0%
Челябинская область село Миасское 11296
0%
Республика Башкортостан село Красноусольский 11241
0%
Ставропольский край станица Лысогорская 11220
0%
Кемеровская область – Кузбасс посёлок городского типа Грамотеино 11217
0%
Астраханская область посёлок Володарский 11200
0%
Красноярский край село Богучаны 11192
0%
Брянская область город Сураж 11176
0%
Республика Дагестан село Леваши 11128
0%
Республика Адыгея посёлок Тульский 11114
0%
Приморский край село Чугуевка 11101
0%
Республика Башкортостан село Кармаскалы 11076
0%
Краснодарский край станица Пластуновская 11070
0%
Удмуртская Республика село Завьялово 11066
0%
Республика Дагестан посёлок городского типа Шамхал 11057
0%
Чеченская Республика село Гелдаган 11021
0%
Ростовская область село Самарское 11015
0%
Забайкальский край посёлок городского типа Атамановка 11014
0%
Пензенская область посёлок городского типа Мокшан 10997
0%
Республика Марий Эл город Звенигово 10994
0%
Калужская область город Белоусово 10946
0%
Республика Крым село Мирное 10921
0%
Республика Дагестан посёлок городского типа Мамедкала 10912
0%
Чеченская Республика село Надтеречное 10902
0%
Приморский край посёлок городского типа Славянка 10895
0%
Республика Бурятия село Сотниково 10871
0%
Архангельская область посёлок городского типа Вычегодский 10839
0%
Калужская область город Ермолино 10809
0%
Забайкальский край посёлок городского типа Могойтуй 10809
0%
Республика Дагестан село Коркмаскала 10805
0%
Омская область посёлок городского типа Любинский 10803
0%
Ульяновская область посёлок городского типа Новоспасское 10780
0%
Республика Башкортостан село Бураево 10752
0%
Челябинская область посёлок Увельский 10747
0%
Ростовская область станица Кривянская 10720
0%
Ставропольский край село Прасковея 10695
0%
Оренбургская область посёлок Акбулак 10688
0%
Калужская область посёлок городского типа Воротынск 10667
0%
Краснодарский край посёлок городского типа Псебай 10666
0%
Краснодарский край станица Анастасиевская 10664
0%
Оренбургская область село Нежинка 10656
0%
Краснодарский край станица Нововеличковская 10654
0%
Московская область посёлок городского типа Заречье 10649
0%
Республика Дагестан посёлок городского типа Альбурикент 10600
0%
Республика Бурятия село Нижний Саянтуй 10580
0%
Ленинградская область посёлок городского типа Им. Морозова 10573
0%
Ростовская область посёлок Гигант 10572
0%
Алтайский край посёлок городского типа Благовещенка 10558
0%
Волгоградская область посёлок городского типа Иловля 10555
0%
Самарская область посёлок городского типа Усть-Кинельский 10547
0%
Ставропольский край станица Александрийская 10525
0%
Чувашская Республика посёлок городского типа Вурнары 10522
0%
Алтайский край посёлок Сибирский 10520
0%
Республика Татарстан посёлок городского типа Уруссу 10520
0%
Республика Дагестан город Южно-Сухокумск 10503
0%
Республика Дагестан село Ленинаул 10494
0%
Астраханская область село Икряное 10452
0%
Краснодарский край село Гайдук 10450
0%
Забайкальский край село Смоленка 10429
0%
Белгородская область посёлок городского типа Волоконовка 10426
0%
Приморский край посёлок Русский 10424
0%
Алтайский край село Поспелиха 10423
0%
Ульяновская область посёлок городского типа Ишеевка 10411
0%
Московская область посёлок городского типа Андреевка 10397
0%
Хабаровский край посёлок городского типа Эльбан 10382
0%
Челябинская область село Варна 10365
0%
Московская область посёлок городского типа Загорянский 10358
0%
Забайкальский край посёлок городского типа Шерловая Гора 10335
0%
Чеченская Республика село Толстой-Юрт 10318
0%
Карачаево-Черкесская Республика станица Сторожевая 10315
0%
Ростовская область посёлок Целина 10303
0%
Республика Саха (Якутия) село Сунтар 10302
0%
Забайкальский край город Балей 10286
0%
Республика Башкортостан село Бакалы 10282
0%
Ростовская область станица Тацинская 10276
0%
Республика Саха (Якутия) село Чурапча 10235
0%
Ростовская область посёлок городского типа Усть-Донецкий 10203
0%
Чеченская Республика село Новые-Атаги 10203
0%
Краснодарский край станица Старонижестеблиевская 10196
0%
Оренбургская область село Илек 10191
0%
Самарская область посёлок городского типа Новосемейкино 10185
0%
Краснодарский край станица Кавказская 10177
0%
Краснодарский край посёлок городского типа Новомихайловский 10168
0%
Нижегородская область город Ворсма 10162
0%
Республика Крым посёлок городского типа Грэсовский 10156
0%
Республика Башкортостан село Кандры 10138
0%
Республика Дагестан село Губден 10135
0%
Удмуртская Республика посёлок Кез 10131
0%
Приморский край село Черниговка 10124
0%
Новгородская область посёлок городского типа Панковка 10109
0%
Республика Дагестан село Чиркей 10098
0%
Белгородская область посёлок городского типа Ракитное 10048
0%
Московская область посёлок городского типа Правдинский 10046
0%
Республика Дагестан село Султан-Янги-Юрт 10043
0%
Республика Саха (Якутия) город Вилюйск 10032
0%
No matching quizzes found
Score Distribution
Percent of People with Each Score
Percentile by Number Answered
Your Score History
You have not taken this quiz